01127nam a2200217 a 450000100100000000500170001000800410002704000250006808200190009310000710011224500780018326000640026130000200032559000270034565000640037265000600043691000370049695201750053395201840070899900170089200003220220240301141636.0110713s1942 dr r 000 0 spa d aDO-SdBNPbspacBNPHU a616.994bM896c1 a Moscoso Puello, F. E., q (Francisco Eujenio)d1885-195995836110aConferencias VI y VII acerca del cáncer /cDoctor F. E. Moscoso Puello. aCiudad Trujillo, República Dominicana :bMontalvo,c1942. a50 p. ;c24 cm. aInventariado, 2018/MFF 4aCáncerxDiagnósticovENSAYOS, CONFERENCIAS, ETC.958277 4aPatología celularvENSAYOS, CONFERENCIAS, ETC.958278 aValidado. Control de calidad MFF 001050718RVaPDbPDcHDd2011-07-13iLF1l0o616.994 M896cp32202-10r2020-06-25w2020-06-25y1zPerteneció a la biblioteca personal de Martínez BoogZNo se presta 001050718RVaPDbPDcHDd2011-07-13iLF1l0o616.994 M896cp32202-20r2020-06-25te. 2w2020-06-25y1zPerteneció a la biblioteca personal de Julio Ortega FrierZNo se presta c31693d31693